[Event "31st Roquetas de Mar Open 2020"]
[Site "Roquetas de Mar"]
[Date "2020.01.03"]
[Round "3.12"]
[White "Shahil Dey"]
[Black "Real De Azua, Ernesto"]
[Result "0-1"]
[WhiteElo "2148"]
[BlackElo "2456"]
[Annotator "RC"]
[PlyCount "62"]
[EventDate "2020.01.02"]
[EventType "swiss"]
[EventCountry "ESP"]
[SourceTitle "playchess.com"]
[Source "ChessBase"]
[SourceQuality "1"]
[TimeControl "5400+30"]

1. e4 {[%emt 0:00:00]} e5 {[%emt 0:03:17]} 2. Nf3 {[%emt 0:00:00]} Nc6 {[%emt 0:00:05]} 3. Bc4 {[%emt 0:00:00]} Nf6 {[%emt 0:00:37]} 4. d3 {[%emt 0:00:00]} Bc5 {[%emt 0:01:27]} 5. c3 {[%emt 0:00:08]} d6 {[%emt 0:02:53]} 6. Bg5 {[%emt 0:00:37]} h6 {[%emt 0:00:25]} 7. Bh4 {[%emt 0:00:03]} g5 {[%emt 0:01:04]} 8. Bg3 {[%emt 0:00:06]} Qe7 {[%emt 0:03:37]} 9. b4 {[%emt 0:00:40]} Bb6 {[%emt 0:00:08]} 10. a4 {[%emt 0:00:04]} a5 {[%emt 0:02:31]} 11. b5 {[%emt 0:00:27]} Nd8 {[%emt 0:00:31]} 12. Nbd2 {[%emt 0:02:40]} Ne6 {[%emt 0:10:44]} 13. Bxe6 {[%emt 0:18:30]} Bxe6 {[%emt 0:00:27]} 14. Qe2 {[%emt 0:07:27]} Nh5 {[%emt 0:13:53]} 15. Rd1 {[%emt 0:09:16]} Rg8 {[%emt 0:10:06]} 16. c4 {[%emt 0:10:26]} O-O-O {[%emt 0:06:41]} 17. Nb3 {[%emt 0:06:18]} Nf4 {[%emt 0:03:29]} 18. Bxf4 {[%emt 0:00:10]} gxf4 {[%emt 0:00:04]} 19. Rg1 {[%emt 0:03:05]} f5 {[%emt 0:00:07]} 20. Rc1 {[%emt 0:07:17]} fxe4 {[%emt 0:05:57]} 21. dxe4 {[%emt 0:00:07]} Rg7 {[%emt 0:02:01]} 22. Kd2 {[%emt 0:12:52]} Rdg8 {[%emt 0:02:05]} 23. Qf1 {[%emt 0:03:12]} Bg4 {[%emt 0:02:58]} 24. Rc3 {[%emt 0:01:08]} Bxf3 {[%emt 0:07:58]} 25. Rxf3 {[%emt 0:00:10]} d5 {[%emt 0:00:05]} 26. exd5 {[%emt 0:06:05]} e4 {[%emt 0:01:02]} 27. Rxf4 {[%emt 0:01:09]} e3+ {[%emt 0:01:09]} 28. Kc2 {[%emt 0:00:22]} exf2 {[%emt 0:01:10]} 29. Rxf2 {[%emt 0:01:14]} Qe4+ {[%emt 0:01:47]} 30. Kb2 {[%emt 0:00:26]} Bxf2 {[%emt 0:00:56]} 31. Qxf2 {[%emt 0:01:02]} Rxg2 {[%emt 0:01:35]} 0-1

[Event "31st Roquetas de Mar Open 2020"]
[Site "Roquetas de Mar"]
[Date "2020.01.03"]
[Round "3.13"]
[White "Cruz Lledo, Pablo"]
[Black "Vergara Anton, Diego"]
[Result "1-0"]
[WhiteElo "2452"]
[BlackElo "2152"]
[Annotator "ChessBase"]
[PlyCount "105"]
[EventDate "2020.01.02"]
[EventType "swiss"]
[EventCountry "ESP"]
[SourceTitle "playchess.com"]
[Source "ChessBase"]
[SourceQuality "1"]
[TimeControl "5400+30"]

1. d4 d5 2. c4 e6 3. Nc3 Nf6 4. cxd5 exd5 5. Bg5 Be7 6. e3 c6 7. Bd3 Nbd7 8. Qc2 h6 9. Bf4 Nh5 10. Be5 Nxe5 11. dxe5 d4 12. exd4 Qxd4 13. Nf3 Qb6 14. O-O-O Nf4 15. Be4 Bg4 16. h3 Bxf3 17. Bxf3 O-O 18. Rd7 Bb4 19. Na4 Qa6 20. Rd4 Rad8 21. Rhd1 Rxd4 22. Rxd4 Be7 23. Rxf4 Bg5 24. g3 Qf1+ 25. Bd1 Qxh3 26. Nc5 b6 27. Ne4 Bxf4+ 28. gxf4 Qe6 29. Kb1 Rd8 30. Nd6 Rxd6 31. exd6 Qxd6 32. f5 c5 33. a4 Qd4 34. Qe2 Kf8 35. Bb3 Qd7 36. Qe4 h5 37. Ka2 Qc7 38. Qh4 Kg8 39. f6 gxf6 40. Qxf6 c4 41. Bc2 Qc5 42. f4 Kf8 43. f5 Qd5 44. Qh8+ Ke7 45. Qxh5 Qd4 46. Qe2+ Kd7 47. Qd1 Qxd1 48. Bxd1 Kd6 49. b3 c3 50. b4 Ke5 51. Bc2 f6 52. Kb3 Kd4 53. b5 1-0

[Event "31st Roquetas de Mar Open 2020"]
[Site "Roquetas de Mar"]
[Date "2020.01.03"]
[Round "3.14"]
[White "Rajarishi Karthi"]
[Black "Low, Zhen Yu Cyrus"]
[Result "0-1"]
[WhiteElo "2103"]
[BlackElo "2415"]
[Annotator "TA"]
[PlyCount "98"]
[EventDate "2020.01.02"]
[EventType "swiss"]
[EventCountry "ESP"]
[SourceTitle "playchess.com"]
[Source "ChessBase"]
[SourceQuality "1"]

{[%evp 19,98,16,25,5,11,8,21,-39,-24,-49,-44,-48,-41,-39,-39,-39,-38,-56,-47,-68,-37,-83,-75,-61,-69,-125,-120,-120,-65,-85,-64,-69,-59,-100,-68,-57,-80,-155,-158,-216,-193,-244,-244,-249,-242,-262,-152,-197,-160,-156,-151,-157,-160,-265,-235,-220,-231,-240,-238,-279,-243,-227,-229,-229,-221,-356,-204,-204,-204,-204,-204,-302,-297,-324,-315,-766,-737,-1696,-1467,-1420,-518]} 1. d4 Nf6 2. c4 g6 3. Nc3 d5 4. cxd5 Nxd5 5. e4 Nxc3 6. bxc3 Bg7 7. Bc4 c5 8. Ne2 Nc6 9. Be3 O-O 10. O-O b6 11. Qd2 {D87: Exchange Grünfeld: Classical Line: Variations without ...cxd4} Bb7 12. Rac1 Qd7 (12... e6 13. Rfd1 cxd4 14. cxd4 Rc8 15. Bb5 Qd6 16. Bf4 e5 17. d5 Na5 18. Be3 Rxc1 19. Rxc1 {½-½ (41) Harikrishna,P (2731)-Ding,L (2801) Kolkata 2019}) 13. f4 (13. Bb5 $11 a6 14. Bxc6 Qxc6 15. d5) 13... Rad8 14. Rcd1 Na5 15. Bd3 Qa4 16. Qc2 Qxc2 17. Bxc2 Nc4 $36 {[%mdl 2048] Black has the initiative.} 18. Bc1 cxd4 19. cxd4 e6 $146 20. Rf3 Rc8 21. Rc3 Rfd8 22. f5 (22. e5 $15) 22... exf5 $17 23. exf5 Nd6 ({Black should try} 23... b5 $17 24. Rh3 Re8) 24. fxg6 $15 hxg6 {White must now prevent ...Rxc3.} 25. Rxc8 Rxc8 26. Bb3 Ba6 27. Ng3 $1 {[#]} Bxd4+ $1 {[%mdl 512]} 28. Kh1 (28. Rxd4 $142 Rxc1+ 29. Kf2) 28... Be5 $17 29. Ba3 (29. Kg1 $17) 29... Nc4 $19 30. Bc1 (30. Be7 $142) 30... Na5 31. Bd5 Rc2 32. Bg5 Nc4 (32... Bb7 $19 {...Bxd5 is the strong threat.} 33. Bxb7 Nxb7) 33. Rf1 Nd6 {Strongly threatening ...Bxg3.} 34. Re1 Bc3 35. Rd1 Bc4 36. a4 (36. Bxc4 $17 Nxc4 37. Rc1 Rxc1+ 38. Bxc1) 36... Ra2 {aiming for ...Bxd5.} 37. Bxc4 Nxc4 38. Ne4 Be5 39. g3 Kg7 ({Much less strong is} 39... Rxa4 40. Nf6+ Kg7 41. Ne8+ Kh7 42. Rd7 $19) 40. Rd8 Rxa4 41. Be7 {[#] intending Bf8+.} g5 $1 42. Bxg5 (42. Nxg5 $142 b5 43. Nf3) 42... Ne3 (42... f6 $142 43. Bd2 Ra1+ 44. Kg2 Ra2) 43. Bxe3 {And now Nf2 would win.} Rxe4 {[%mdl 4096] Endgame KRB-KRB} 44. Bf2 Rb4 45. h4 {[#]} (45. Kg2 {was worth a try.}) 45... a5 $1 {[%cal Ba7a5,Ba5a4,Ba4a3][%mdl 32]} 46. h5 a4 47. Rd5 $2 (47. Ra8) 47... Bb2 {Black is clearly winning.} 48. Rd8 a3 49. Ra8 Rb5 {Accuracy: White = 33%, Black = 64%.} (49... b5 $142 50. Bc5 Ra4 51. Bxa3 Rxa8 52. Bxb2+ Kh6) 0-1

[Event "31st Roquetas de Mar Open 2020"]
[Site "Roquetas de Mar"]
[Date "2020.01.03"]
[Round "3.15"]
[White "Gonzalez Guedes, Iyan"]
[Black "Lu, Shanglei"]
[Result "0-1"]
[WhiteElo "2305"]
[BlackElo "2611"]
[Annotator "TA"]
[PlyCount "62"]
[EventDate "2020.01.02"]
[EventType "swiss"]
[EventCountry "ESP"]
[SourceTitle "playchess.com"]
[Source "ChessBase"]
[SourceQuality "1"]

{[%evp 18,62,29,26,32,32,50,12,12,4,4,-19,-13,-7,41,41,68,68,142,-78,-83,-196,-184,-225,-174,-229,-214,-214,-204,-205,-126,-186,-182,-161,-97,-96,-99,-98,-70,-72,-73,-83,-89,-829,-809,-1284,-914]} 1. e4 c5 2. c3 Nf6 3. e5 Nd5 4. d4 cxd4 5. Nf3 Nc6 6. cxd4 d6 7. Bc4 Nb6 8. Bb5 a6 9. Bxc6+ bxc6 10. O-O Bg4 {B22: Sicilian: 2 c3} 11. h3 Bh5 12. g4 (12. Nbd2 e6 13. b3 d5 14. a4 Nd7 15. Ba3 Bxa3 16. Rxa3 a5 17. Qc2 Rc8 18. Qc3 {0-1 (36) Belyakov,B (2505)-Sjugirov,S (2662) St Petersburg 2019}) 12... Bg6 {The position is equal.} 13. e6 fxe6 14. Ng5 Qd7 15. Re1 Nd5 16. Nc3 {[%mdl 1024] White has compensation.} Nc7 17. Qf3 $146 ({Predecessor:} 17. Ne2 e5 18. dxe5 dxe5 19. Qxd7+ Kxd7 {1-0 (114) Shrentzel,M (2290)-Farago,S (2360) Budapest 1994}) 17... Rb8 ({Black should play} 17... Rc8 $14) 18. h4 $2 (18. Ne2 $1 $16 {is forced if you want to stay better.}) 18... h5 $17 19. Bf4 (19. gxh5 $17 {keeps fighting.} Rxh5 20. b3) 19... hxg4 $1 $19 (19... Rxb2 20. gxh5 Rxh5 21. Bg3 $15) 20. Qxg4 {[%cal Rg5e6] [#]} e5 $1 {[%mdl 512]} 21. Qxd7+ (21. dxe5 Qxg4+) 21... Kxd7 22. dxe5 Rxh4 ({Don't do} 22... Rxb2 23. Bg3 $17) 23. Bg3 Rh5 24. Nge4 (24. Nf3 $17) 24... Rxb2 25. Rad1 {[%cal Re5d6] [#]} Nd5 (25... Bxe4 $1 $19 26. Nxe4 Nd5) 26. Nxd5 $17 cxd5 27. Rxd5 e6 $40 {[%mdl 128] Black attacks.} 28. Nc5+ $1 Kc6 29. Nxe6 {Hoping for Rdd1.} Be4 {[%csl Ge4][%cal Rh5h1]} 30. Rc1+ $2 {[%mdl 8192]} (30. Rxd6+ $17 Bxd6 31. Rxe4 Bxe5 32. Bxe5 Rb1+ 33. Kg2) 30... Kb7 $19 {[%csl Ge4][%cal Rh5h1]} 31. Nd8+ {[#]} Kb6 {Played: Kb7-b8} 0-1

[Event "31st Roquetas de Mar Open 2020"]
[Site "Roquetas de Mar"]
[Date "2020.01.03"]
[Round "3.16"]
[White "Lopez Martinez, Josep Manuel"]
[Black "Rangel, Daniel"]
[Result "1-0"]
[WhiteElo "2545"]
[BlackElo "2269"]
[Annotator "TA"]
[PlyCount "105"]
[EventDate "2020.01.02"]
[EventType "swiss"]
[EventCountry "ESP"]
[SourceTitle "playchess.com"]
[Source "ChessBase"]
[SourceQuality "1"]

{[%evp 14,105,25,32,27,26,32,15,34,25,115,110,130,64,102,82,77,73,71,62,64,70,63,71,165,165,158,172,183,97,106,103,103,105,105,103,104,94,137,118,159,160,179,123,241,223,573,577,519,390,406,413,445,439,432,420,727,708,929,908,1292,1458,1114,654,2941,2503,29970,29969,29967,29971,29971,29972,29972,29973,29973,29973,29978,29979,29979,29980,29980,29974,29973,29974,29974,29975,29974,29976,29962,6079,29985,29976,29984,29979]} 1. d4 Nf6 2. c4 e6 3. Nf3 d5 4. Nc3 Be7 5. Bf4 O-O 6. a3 b6 7. cxd5 exd5 8. e3 c5 {E12: Queen's Indian: Unusual White 4th moves, 4 a3, 4 Nc3 Bb7 5 a3 and 4 Nc3 Bb7} 9. Qc2 (9. Be2 Bb7 10. O-O Na6 11. Qa4 Nc7 12. dxc5 bxc5 13. Rad1 Qc8 14. Rd2 Rd8 15. Rfd1 h6 16. h3 Bd6 17. Be5 Nce8 {0-1 (30) Nguyen,D (2498)-Sasikiran,K (2669) Tabriz 2014}) 9... Nc6 $146 ({Predecessor:} 9... Nh5 10. dxc5 bxc5 11. Rd1 Be6 12. Bd3 h6 13. Be5 {½-½ (59) Zabutov,S (2208)-Smit,F (2074) ICCF email 2010}) 10. Bb5 Bd7 {The position is equal.} 11. Rd1 c4 {[#]} (11... cxd4 $11 12. exd4 a6) 12. Ne5 $1 $16 {[%cal Re5c6]} Qe8 13. Qa4 (13. Nxd7 $16 Qxd7 14. Qa4) 13... Rc8 14. Bxc6 Bxc6 15. Qxa7 Bd8 {...Ra8 is the strong threat.} 16. Nxc6 Qxc6 17. Qa4 $1 Qxa4 18. Nxa4 Ne4 (18... b5 $16 19. Nc3 Ba5) 19. f3 $18 g5 20. Be5 f6 21. Bg3 (21. fxe4 $18 fxe5 22. exd5 (22. dxe5 dxe4 23. Ke2 Bc7 $16) 22... exd4 23. Rxd4) 21... Nxg3 $16 22. hxg3 b5 {[#]} 23. Nc3 $1 $36 {[%cal Rc3d5][%mdl 2048] White is in control.} Ba5 24. Kd2 Rfe8 25. Rhe1 Re6 26. e4 Bxc3+ 27. Kxc3 {[%mdl 4096] Endgame KRR-KRR} (27. bxc3 $6 dxe4 28. Rxe4 (28. fxe4 Ra6 $11) 28... Ra6 $16) 27... Rce8 28. Re2 (28. Kb4 $18) 28... dxe4 (28... Kf7 $16 {was worth a try.} 29. g4 dxe4) 29. d5 $18 Re5 $2 (29... Rd6 {is tougher.} 30. Kb4 (30. fxe4 h5 $16) 30... Red8 31. fxe4 (31. Kxb5 exf3 32. gxf3 c3 $18) 31... R6d7) 30. Rxe4 Kf7 31. Rxe5 Rxe5 {KR-KR} 32. Rd2 Re3+ 33. Kd4 Rb3 34. Re2 g4 (34... Rd3+ $142 35. Kc5 c3 36. bxc3 (36. Kxb5 Rxd5+ 37. Kb4 Rd2 $11) 36... h6) 35. fxg4 Rxg3 36. d6 Rd3+ 37. Kc5 c3 38. bxc3 Rxc3+ 39. Kxb5 Rxa3 40. d7 Rd3 41. Kc6 Rc3+ 42. Kd6 Rd3+ 43. Kc7 Rc3+ 44. Kd8 Rc4 45. Re7+ Kf8 46. Rxh7 Rc2 47. Rh1 Kf7 48. Rd1 Rc4 49. Rd5 Ke6 50. Ra5 Kf7 51. g5 (51. Ra8 $142 Rc2 52. Rc8 Rb2 53. Kc7 Rc2+ 54. Kb6 Rb2+ 55. Kc6 Rc2+ 56. Kb6) 51... Rc2 52. gxf6 Rc3 53. Ra8 {Accuracy: White = 71%, Black = 35%.} 1-0

[Event "31st Roquetas de Mar Open 2020"]
[Site "Roquetas de Mar"]
[Date "2020.01.03"]
[Round "3.17"]
[White "Harutyunian, Tigran K."]
[Black "Rodriguez Melendez, Juan Humbert"]
[Result "1-0"]
[WhiteElo "2533"]
[BlackElo "2259"]
[Annotator "RC"]
[PlyCount "105"]
[EventDate "2020.01.02"]
[EventType "swiss"]
[EventCountry "ESP"]
[SourceTitle "playchess.com"]
[Source "ChessBase"]
[SourceQuality "1"]
[TimeControl "5400+30"]

1. d4 {[%emt 0:03:48]} Nf6 {[%emt 0:00:00]} 2. Nf3 {[%emt 0:00:09]} g6 {[%emt 0:00:22]} 3. g3 {[%emt 0:01:18]} Bg7 {[%emt 0:00:46]} 4. Bg2 {[%emt 0:00:05]} O-O {[%emt 0:00:54]} 5. O-O {[%emt 0:00:07]} d6 {[%emt 0:00:13]} 6. Re1 {[%emt 0:00:18]} c5 {[%emt 0:01:52]} 7. d5 {[%emt 0:00:34]} e6 {[%emt 0:01:52]} 8. Nc3 {[%emt 0:06:23]} Nxd5 {[%emt 0:16:31]} 9. Nxd5 {[%emt 0:00:09]} exd5 {[%emt 0:00:04]} 10. Qxd5 {[%emt 0:00:46]} Nc6 {[%emt 0:00:24]} 11. c3 {[%emt 0:01:30]} Be6 {[%emt 0:00:49]} 12. Qd1 {[%emt 0:01:32]} h6 {[%emt 0:05:53]} 13. e4 {[%emt 0:01:46]} Qc7 {[%emt 0:06:17]} 14. Qc2 {[%emt 0:03:25]} Rab8 {[%emt 0:09:42]} 15. Nh4 {[%emt 0:03:23]} Rbe8 {[%emt 0:16:31]} 16. Be3 {[%emt 0:02:53]} Ne5 {[%emt 0:01:51]} 17. Rad1 {[%emt 0:00:58]} Bg4 {[%emt 0:08:50]} 18. f3 {[%emt 0:03:30]} g5 {[%emt 0:00:32]} 19. fxg4 {[%emt 0:01:36]} gxh4 {[%emt 0:00:08]} 20. Bf4 {[%emt 0:05:48]} hxg3 {[%emt 0:01:02]} 21. Bxg3 {[%emt 0:00:29]} Re6 {[%emt 0:00:19]} 22. h3 {[%emt 0:02:03]} Ng6 {[%emt 0:01:26]} 23. Rf1 {[%emt 0:02:44]} Be5 {[%emt 0:00:25]} 24. Qf2 {[%emt 0:01:39]} Qe7 {[%emt 0:00:55]} 25. Qe1 {[%emt 0:01:59]} Kh7 {[%emt 0:02:16]} 26. Rf5 {[%emt 0:05:14]} Rg8 {[%emt 0:01:03]} 27. Bf1 {[%emt 0:02:04]} Bxg3 {[%emt 0:01:10]} 28. Qxg3 {[%emt 0:00:06]} Ne5 {[%emt 0:00:12]} 29. Be2 {[%emt 0:00:19]} Reg6 {[%emt 0:01:02]} 30. Kh2 {[%emt 0:03:26]} Rg5 {[%emt 0:01:11]} 31. Qf4 {[%emt 0:01:36]} R5g6 {[%emt 0:02:17]} 32. Rf1 {[%emt 0:02:36]} R8g7 {[%emt 0:00:15]} 33. Qf2 {[%emt 0:09:04]} Qe6 {[%emt 0:00:54]} 34. b3 {[%emt 0:01:05]} Qe7 {[%emt 0:00:10]} 35. Qg3 {[%emt 0:04:58]} b6 {[%emt 0:00:57]} 36. R1f4 {[%emt 0:00:23]} Re6 {[%emt 0:01:32]} 37. Qf2 {[%emt 0:01:52]} Kg8 {[%emt 0:00:50]} 38. Rh5 {[%emt 0:03:16]} Ng6 {[%emt 0:03:53]} 39. Rff5 {[%emt 0:01:10]} Rxe4 {[%emt 0:01:31]} 40. Bf3 {[%emt 0:11:05]} Re1 {[%emt 0:01:47]} 41. Rxh6 {[%emt 0:01:01]} Ne5 {[%emt 0:00:31]} 42. Bg2 {[%emt 0:01:37]} Nd3 {[%emt 0:01:15]} 43. Rfh5 {[%emt 0:00:56]} Rh7 {[%emt 0:01:58]} 44. Qd2 {[%emt 0:02:56]} Re2 {[%emt 0:06:23]} 45. Qxd3 {[%emt 0:00:26]} Rxh6 {[%emt 0:00:16]} 46. Rxh6 {[%emt 0:00:06]} Qe5+ {[%emt 0:00:14]} 47. Kg1 {[%emt 0:02:41]} Re1+ {[%emt 0:01:00]} 48. Kf2 {[%emt 0:00:24]} Ra1 {[%emt 0:01:07]} 49. Qh7+ {[%emt 0:00:38]} Kf8 {[%emt 0:00:06]} 50. Qh8+ {[%emt 0:00:04]} Qxh8 {[%emt 0:00:15]} 51. Rxh8+ {[%emt 0:00:04]} Kg7 {[%emt 0:00:06]} 52. Re8 {[%emt 0:00:28]} Rxa2+ {[%emt 0:00:59]} 53. Re2 {[%emt 0:00:05]} 1-0

[Event "31st Roquetas de Mar Open 2020"]
[Site "Roquetas de Mar"]
[Date "2020.01.04"]
[Round "4.1"]
[White "Real De Azua, Ernesto"]
[Black "Grigoryan, Karen H."]
[Result "0-1"]
[WhiteElo "2456"]
[BlackElo "2632"]
[Annotator "TA"]
[PlyCount "86"]
[EventDate "2020.01.02"]
[EventType "swiss"]
[EventCountry "ESP"]
[SourceTitle "playchess.com"]
[Source "ChessBase"]
[SourceQuality "1"]

{[%evp 18,86,95,89,96,92,90,87,110,79,106,39,39,33,43,35,50,49,45,15,52,41,53,53,61,64,74,59,75,16,15,22,27,22,27,29,17,0,0,0,27,27,29,31,33,8,18,18,17,-30,-31,-234,-210,-197,-209,-461,-461,-456,-451,-447,-447,-440,-432,-668,-660,-646,-643,-609,-595,-596,-579]} 1. d4 Nf6 2. c4 c5 3. d5 g6 4. Nc3 Bg7 5. e4 d6 6. h3 O-O 7. Bd3 e6 8. Nf3 Na6 9. O-O e5 10. Bg5 h6 {E90: King's Indian: Classical: Early deviations and 6 h3} 11. Be3 Kh8 12. Kh2 $146 ({Predecessor:} 12. Qd2 Ng8 13. Nh2 f5 14. exf5 gxf5 15. f4 e4 16. Be2 Bd7 17. Kh1 Nc7 18. Rg1 {1-0 (58) Kharlov,A (2639)-Vaulin,A (2540) Elista 2001}) 12... Nh7 {White is better.} 13. g3 Qd7 14. g4 (14. Rh1 $16) 14... h5 $1 $14 15. Ng5 hxg4 16. Qxg4 Qxg4 17. hxg4 Bxg4 18. Kg3 {aiming for Nxh7.} Bh5 19. Nb5 Nb4 20. Bb1 Nxg5 21. Bxg5 f6 22. Be3 {[%mdl 1024] White has strong compensation.} Rfd8 23. Nc7 (23. Rh1 $16) 23... Rac8 $11 24. Ne6 Rd7 25. a3 Na6 26. f4 Bh6 27. Bd3 Nc7 {...Nxe6 is the strong threat.} 28. Rae1 exf4+ 29. Bxf4 Bg7 30. Nxg7 Kxg7 31. b4 {With the idea bxc5.} Na6 32. Bd2 Rf7 33. Bc3 b5 34. Rxf6 $2 (34. Rf2 $15) 34... Rxf6 $19 35. Rf1 Rcf8 {Threatens to win with ...cxb4!} 36. cxb5 $2 {[#]} (36. Kh4 cxb4 37. axb4) 36... cxb4 $1 {Black is clearly winning.} 37. axb4 {[#]} Nxb4 $1 38. Bb1 (38. Bxb4 Rf3+) 38... Be2 $1 {[%csl LRb5,LRf1][%mdl 64] Double Attack} 39. Rf2 Bd3 40. Kh4 (40. Rb2 $142 Bxb1 41. Rxb4) 40... Bxb1 41. Kg5 Bxe4 42. Bxf6+ Kg8 43. Rh2 {intending Rh8+.} Nxd5 {Accuracy: White = 42%, Black = 58%.} 0-1

[Event "31st Roquetas de Mar Open 2020"]
[Site "Roquetas de Mar"]
[Date "2020.01.04"]
[Round "4.2"]
[White "Low, Zhen Yu Cyrus"]
[Black "Pridorozhni, Aleksei"]
[Result "1/2-1/2"]
[WhiteElo "2415"]
[BlackElo "2601"]
[Annotator "TA"]
[PlyCount "68"]
[EventDate "2020.01.02"]
[EventType "swiss"]
[EventCountry "ESP"]
[SourceTitle "playchess.com"]
[Source "ChessBase"]
[SourceQuality "1"]

{[%evp 17,68,7,8,0,10,-8,16,14,0,11,18,20,13,0,26,0,0,-19,-22,-20,-18,-22,-18,-23,0,0,0,-16,-15,-12,-10,-15,-3,-27,-31,-29,-10,-12,-9,-14,-18,-22,-29,-20,-18,-17,-4,-8,-8,-9,-9,-8,-8]} 1. e4 e5 2. Nf3 Nf6 3. Nxe5 d6 4. Nf3 Nxe4 5. Qe2 Qe7 6. d3 Nf6 7. Nc3 Bg4 8. Qxe7+ Bxe7 9. Be2 Nc6 10. Be3 {C42: Petroff Defence: 3 Nxe5 and unusual White 3rd moves} O-O-O (10... Nb4 11. O-O-O Nbd5 12. Bd2 Nxc3 13. Bxc3 O-O 14. Nd4 Bxe2 15. Nxe2 Nd5 16. Bd2 Rfe8 17. Nf4 Nxf4 18. Bxf4 {½-½ (36) Danin,A (2554)-Bosiocic,M (2597) Austria 2018}) 11. h3 Be6 (11... Bxf3 $5 12. Bxf3 d5 $11) 12. Ng5 d5 $146 {[#] Threatens to win with ...d4.} ({Predecessor:} 12... Nd5 13. Nxe6 fxe6 14. Nxd5 exd5 15. Bg4+ Kb8 16. d4 Nb4 17. Bf5 g6 {1-0 (58) Boeru,D (1035)-Dobre,R (1143) Calimanesti 2014}) 13. d4 Bb4 14. O-O Bxc3 15. bxc3 Rhe8 16. Bb5 h6 17. Bxc6 bxc6 18. Nf3 $1 Nd7 19. Ne5 Nxe5 20. dxe5 a6 21. g4 Bd7 22. Bd4 c5 23. Bxc5 Rxe5 24. Rfe1 f6 25. Bd4 Ree8 26. Bc5 Ba4 27. Rad1 Bxc2 28. Rxe8 Rxe8 29. Rxd5 $11 {[%mdl 4096] Endgame KRB-KRB} Re1+ 30. Kh2 Be4 {The position is equal.} 31. Rd2 f5 {[#] ...f4 is the strong threat.} 32. f3 Bxf3 {aiming for ...f4.} 33. gxf5 Re5 34. Bd4 Rxf5 {Accuracy: White = 65%, Black = 56%.} 1/2-1/2

[Event "31st Roquetas de Mar Open 2020"]
[Site "Roquetas de Mar"]
[Date "2020.01.04"]
[Round "4.3"]
[White "Bernadskiy, Vitaliy"]
[Black "Sadzikowski, Daniel"]
[Result "1-0"]
[WhiteElo "2588"]
[BlackElo "2501"]
[Annotator "TA"]
[PlyCount "81"]
[EventDate "2020.01.02"]
[EventType "swiss"]
[EventCountry "ESP"]
[SourceTitle "playchess.com"]
[Source "ChessBase"]
[SourceQuality "1"]

{[%evp 9,81,-1,0,-12,-15,-6,-2,-4,13,-12,-24,-23,0,0,16,24,10,2,12,14,10,0,14,-57,-52,-53,-47,-59,-39,-34,-6,-7,-7,0,-4,0,19,6,6,0,0,0,0,0,0,0,16,0,0,0,70,66,95,36,70,11,250,252,278,274,214,284,326,303,365,408,389,21,1353,1341,29985,29986,29988,29989]} 1. e4 c5 2. Nc3 d6 3. f4 g6 4. Nf3 Bg7 5. Bb5+ Bd7 6. Bc4 {B23: Closed Sicilian: Lines without g3} Nc6 7. d3 Na5 8. Bd2 {The position is equal.} a6 (8... e6 9. e5 d5 10. Bb5 Nc6 11. Bxc6 Bxc6 12. O-O Ne7 13. Be1 Qb6 {½-½ (39) Jobava,B (2617)-Giri,A (2780) Batumi 2019}) 9. e5 $146 ({Predecessor:} 9. Qe2 e6 10. a3 Ne7 11. Ba2 b5 12. Nd1 O-O 13. h4 Nac6 {0-1 (29) Cornette,M (2602)-Vovk,A (2622) Fornebu 2017}) 9... Nh6 10. Qe2 O-O 11. Bxf7+ {[%mdl 64] Remove Defender, Decoy} Nxf7 12. e6 Be8 {...Nh6 is the strong threat.} 13. exf7+ Bxf7 14. Ng5 Nc6 15. Nxf7 Rxf7 16. Ne4 (16. O-O-O $1 $11) 16... Nd4 $15 17. Qd1 Ne6 18. O-O d5 19. Ng3 Qd6 {[%cal Re6f4]} 20. f5 Nd4 {[%cal Rd4f5]} 21. fxg6 Rxf1+ 22. Nxf1 Qxg6 23. c3 $1 {[%cal Rc3d4]} Nf5 24. Qb3 $36 {[%mdl 2048] White is more active.} Qc6 25. Ne3 Nxe3 26. Bxe3 b5 27. a4 {White wants to play axb5.} c4 28. Qd1 cxd3 29. Qxd3 b4 (29... Rb8 $11) 30. cxb4 $14 e6 31. Bc5 ({White should play} 31. Qb3 $16) 31... e5 32. Rf1 (32. Rc1 $14) 32... d4 $2 {[#]} (32... a5 $1 $11 {and Black stays safe.}) 33. Qc4+ $1 $18 Kh8 34. b5 axb5 35. axb5 ({Not} 35. Qxb5 Qd5 $11) 35... Qd7 36. b6 d3 37. Be3 Rd8 38. Rf7 $2 (38. h3 $18) 38... Qe8 $2 {[%mdl 8192]} (38... Qd6 $11 39. Rf1 Bh6) 39. Bd2 e4 40. Bc3 Be5 {[#]} 41. Rf8+ $1 {[%mdl 576] Double Attack. Accuracy: White = 53%, Black = 33%.} 1-0